The Economic Impact of Small and Medium-Sized Enterprises Analytical Approaches to Growth and Innovation Challenges amid Crises in Europe

Salvato in:
Dettagli Bibliografici
Altri autori: Aranitou, Valia, Manioudis, Manolis, Angelakis, Antonios
Natura: Libro
Lingua:inglese
Pubblicazione: Cham Palgrave Macmillan 2024
Soggetti:
Tags: Aggiungi Tag
Nessun Tag, puoi essere il primo ad aggiungerne!!

MARC

LEADER 00000nam a2200000 4500
001 0313144
005 20260108113024.8
020 |a 9783031745546 
041 0 |a eng 
044 |a CH 
245 1 0 |a The Economic Impact of Small and Medium-Sized Enterprises  |b Analytical Approaches to Growth and Innovation Challenges amid Crises in Europe  |c Edited by Valia Aranitou, Manolis Manioudis and Antonios Angelakis 
264 1 |a Cham  |b Palgrave Macmillan  |c 2024 
300 |a 521 s. 
500 |a ProQuest e-books. 
610 2 0 |a podnik malý 
610 2 0 |a podnik stredný 
610 2 0 |a podnikanie 
610 2 0 |a inovácie technologické 
610 2 0 |a výkonnosť podniku 
610 2 0 |a rast hospodársky 
610 2 0 |a prostredie podnikateľské 
700 1 |a Aranitou, Valia 
700 1 |a Manioudis, Manolis 
700 1 |a Angelakis, Antonios